[Event "VIII Festival A"]
[Site "Salsomaggiore Terme ITA"]
[Date "2004.05.16"]
[Round "5"]
[White "Brancaleoni, Maurizio"]
[Black "Annoni, Riccardo"]
[Result "1/2-1/2"]
[WhiteElo "2296"]
[BlackElo "2094"]
[PlyCount "48"]
[EventDate "2004.05.14"]

1. e4 e6 2. d4 d5 3. Nd2 dxe4 4. Nxe4 Nd7 5. Nf3 Ngf6 6. Nxf6+ Nxf6 7. Bd3 c5
8. dxc5 Bxc5 9. Qe2 Qc7 10. Bd2 O-O 11. O-O-O b6 12. Ne5 Bb7 13. f4 Rac8 14.
Kb1 a5 15. Rhe1 a4 16. a3 Rfd8 17. g4 Nd5 18. c4 Ne7 19. Bxh7+ Kxh7 20. Nxf7
Qc6 21. Ng5+ Kg8 22. Nxe6 Rd7 23. f5 Qf3 24. Qe5 Qd3+ 1/2-1/2

[Event "VIII Festival A"]
[Site "Salsomaggiore Terme ITA"]
[Date "2004.05.16"]
[Round "5"]
[White "Carzolio, Luigi"]
[Black "Napoli, Nicolo'"]
[Result "0-1"]
[WhiteElo "2037"]
[BlackElo "2127"]
[PlyCount "58"]
[EventDate "2004.05.14"]

1. b4 e6 2. Bb2 Nf6 3. b5 a6 4. a4 d5 5. Nf3 Bd6 6. e3 O-O 7. c4 c6 8. Be2 Qc7
9. cxd5 Nxd5 10. Nc3 Nxc3 11. Bxc3 e5 12. Qb1 axb5 13. axb5 Rxa1 14. Qxa1 f6
15. d4 exd4 16. Bxd4 cxb5 17. O-O b4 18. Rc1 Nc6 19. Bc5 Be6 20. Bxd6 Qxd6 21.
Rd1 Qc5 22. Rc1 Qb6 23. Bc4 Bxc4 24. Rxc4 Rd8 25. h3 b3 26. Qb1 b2 27. Nd4 Ra8
28. Nc2 Qb3 29. Rc5 Qa2 0-1

[Event "VIII Festival A"]
[Site "Salsomaggiore Terme ITA"]
[Date "2004.05.16"]
[Round "5"]
[White "Castellano, Alfonso"]
[Black "Grillo, Francesco"]
[Result "1-0"]
[WhiteElo "1922"]
[BlackElo "1646"]
[PlyCount "83"]
[EventDate "2004.05.14"]

1. c4 c6 2. g3 d5 3. b3 Nf6 4. Bb2 Bf5 5. Nf3 e6 6. Bg2 h6 7. O-O Be7 8. d3 O-O
9. Nbd2 Nbd7 10. Kh1 Qb6 11. Nh4 Bh7 12. d4 Qd8 13. e3 Ne4 14. Nhf3 f5 15. Ne1
Ndf6 16. Nd3 g5 17. Nf3 Rf7 18. Nfe5 Rg7 19. f3 Nd6 20. Nc5 Qc8 21. Rc1 b6 22.
Ncd3 Qe8 23. c5 bxc5 24. Nxc5 Bf8 25. e4 Rc7 26. exd5 cxd5 27. Qe2 Nf7 28. Nxf7
Kxf7 29. Rfe1 a5 30. Nxe6 Re7 31. Rc7 Nd7 32. Qb5 Rb8 33. Qxd5 Rxe6 34. Rxd7+
Kf6 35. Rxe6+ Qxe6 36. Qxe6+ Kxe6 37. Rxh7 Re8 38. f4 Kf6 39. Bf1 Re1 40. Kg1
Rb1 41. Bc3 Bg7 42. d5+ 1-0

[Event "VIII Festival A"]
[Site "Salsomaggiore Terme ITA"]
[Date "2004.05.16"]
[Round "5"]
[White "Cottarelli, Franco"]
[Black "De Palma, Fabrizio"]
[Result "1/2-1/2"]
[WhiteElo "1942"]
[BlackElo "1948"]
[PlyCount "79"]
[EventDate "2004.05.14"]

1. e4 e6 2. d4 d5 3. Nc3 dxe4 4. Nxe4 Nf6 5. Bd3 Nbd7 6. Nf3 Be7 7. O-O O-O 8.
c3 b6 9. Nxf6+ Nxf6 10. Ne5 Bb7 11. Qc2 c5 12. Be3 Qd5 13. f3 cxd4 14. Bxd4 Bc5
15. Qf2 Bxd4 16. cxd4 Rad8 17. Rfd1 Qd6 18. Rac1 g6 19. Bf1 Nd5 20. Qh4 Ne3 21.
Rd2 Qb4 22. Rc3 Nf5 23. Qf2 Rc8 24. a3 Qd6 25. Nc4 Qf4 26. g3 Qg5 27. Bg2 Rfd8
28. f4 Qe7 29. Bxb7 Qxb7 30. Ne5 Qe4 31. Ng4 Kg7 32. h3 Nd6 33. Re2 Qd5 34. Re5
Qb7 35. Qe2 h5 36. Ne3 a6 37. Qg2 Qxg2+ 38. Kxg2 Nb5 39. Rxc8 Rxc8 40. d5
1/2-1/2

[Event "VIII Festival A"]
[Site "Salsomaggiore Terme ITA"]
[Date "2004.05.16"]
[Round "5"]
[White "Dallaglio, Giovanni"]
[Black "Szirmai, Emil"]
[Result "0-1"]
[WhiteElo "2019"]
[BlackElo "2088"]
[PlyCount "46"]
[EventDate "2004.05.14"]

1. d4 Nf6 2. Nf3 c5 3. e3 cxd4 4. exd4 g6 5. c4 Bg7 6. Nc3 O-O 7. Be2 d5 8. Bg5
dxc4 9. Bxc4 Bg4 10. d5 Nbd7 11. O-O Rc8 12. Bb3 Ne5 13. Re1 Nxf3+ 14. gxf3 Bf5
15. Ne4 Qd7 16. Qd2 Bxe4 17. Bxf6 Bxf3 18. Qf4 Qh3 19. Qg3 Qxg3+ 20. hxg3 Bxf6
21. Re3 Bg4 22. Kg2 Bxb2 23. Rae1 Bf6 0-1

[Event "VIII Festival A"]
[Site "Salsomaggiore Terme ITA"]
[Date "2004.05.16"]
[Round "5"]
[White "Di Paolo, Raffaele"]
[Black "Miladinovic, Igor"]
[Result "1/2-1/2"]
[WhiteElo "2349"]
[BlackElo "2614"]
[PlyCount "82"]
[EventDate "2004.05.14"]

1. e4 c5 2. Nf3 Nc6 3. Bb5 e6 4. O-O Nge7 5. c3 a6 6. Bxc6 Nxc6 7. d4 d5 8. e5
Be7 9. dxc5 Bxc5 10. Nbd2 f6 11. Nb3 Bb6 12. Bf4 O-O 13. Bg3 Bd7 14. Nbd4 Rc8
15. Re1 f5 16. Bf4 Nxd4 17. cxd4 h6 18. Rc1 g5 19. Rxc8 Bxc8 20. Nxg5 hxg5 21.
Qh5 Qe7 22. Bxg5 Qf7 23. Qh4 Qg6 24. Rc1 f4 25. Be7 f3 26. g3 Re8 27. Bf6 Bd7
28. h3 Rf8 29. Rc3 Qh7 30. Qg4+ Kf7 31. Rb3 Bb5 32. a4 Bxd4 33. axb5 Bxf2+ 34.
Kh2 Rg8 35. Bg5 Bg1+ 36. Kh1 Rxg5 37. Rxf3+ Rf5 38. Kxg1 Rxf3 39. Qxf3+ Ke7 40.
Qf1 Qe4 41. bxa6 bxa6 1/2-1/2

[Event "VIII Festival A"]
[Site "Salsomaggiore Terme ITA"]
[Date "2004.05.16"]
[Round "5"]
[White "Dvirnyy, Danyyil"]
[Black "Bavosi, Mariano"]
[Result "1-0"]
[WhiteElo "1868"]
[BlackElo "1547"]
[PlyCount "95"]
[EventDate "2004.05.14"]

1. e4 Nf6 2. Nc3 d5 3. exd5 Nxd5 4. Nxd5 Qxd5 5. d4 Nc6 6. c3 e5 7. dxe5 Qxd1+
8. Kxd1 Nxe5 9. Bf4 Bd6 10. Bxe5 Bxe5 11. Nf3 Bg4 12. Be2 O-O-O+ 13. Kc2 Bf5+
14. Kb3 Bf6 15. Rad1 Be6+ 16. Kc2 Rde8 17. Rhe1 Bf5+ 18. Kc1 Re7 19. Bc4 Be6
20. Bxe6+ fxe6 21. Re4 e5 22. c4 h5 23. h4 g6 24. Kc2 Rd8 25. Rde1 Rde8 26. Kc3
c6 27. a4 b6 28. R1e2 a5 29. Ne1 Kb7 30. Nd3 c5 31. Kc2 Kc6 32. g3 Kd6 33. f3
Kd7 34. R4e3 Bg7 35. Nf2 Bh6 36. Rd3+ Kc6 37. Ne4 Bg7 38. Rd6+ Kc7 39. Rxg6 Rf7
40. Rd2 Ree7 41. Ng5 Rf6 42. Rxf6 Bxf6 43. Ne4 Bg7 44. Nc3 Rf7 45. Nb5+ Kb8 46.
Rd8+ Kb7 47. Nd6+ Kc7 48. Nxf7 1-0

[Event "VIII Festival A"]
[Site "Salsomaggiore Terme ITA"]
[Date "2004.05.16"]
[Round "5"]
[White "Foglia, Maurizio"]
[Black "Mussap, Angelo"]
[Result "1-0"]
[WhiteElo "2087"]
[BlackElo "1904"]
[PlyCount "99"]
[EventDate "2004.05.14"]

1. e4 c5 2. c3 d5 3. exd5 Qxd5 4. d4 cxd4 5. cxd4 e5 6. Nf3 exd4 7. Nxd4 Bc5 8.
Be3 Nf6 9. Nc3 Qe5 10. Be2 O-O 11. Nf3 Qe7 12. Bxc5 Qxc5 13. O-O Nc6 14. Rc1
Qb4 15. Qc2 Bg4 16. a3 Qa5 17. Ne4 Nxe4 18. Qxe4 Bh5 19. Bc4 Bg6 20. Qf4 Rad8
21. Rfd1 Rxd1+ 22. Rxd1 Rd8 23. Rxd8+ Qxd8 24. g4 Qe7 25. h4 h5 26. g5 Qc5 27.
b4 Qe7 28. Kh2 Kf8 29. b5 Nd8 30. Ne5 Qd6 31. Nxg6+ Qxg6 32. Qd4 Ke8 33. Qxa7
Qe4 34. Qe3 Qxe3 35. fxe3 Ke7 36. Kg3 b6 37. Kf4 Nb7 38. Ke5 Nd6 39. Bd3 Nb7
40. e4 Nc5 41. Bc4 Nd7+ 42. Kd4 f6 43. gxf6+ Kxf6 44. Kd5 Ne5 45. Be2 Nd7 46.
Kd6 Nc5 47. e5+ Kf5 48. Kc7 Kxe5 49. Kxb6 Kd4 50. Bxh5 1-0

[Event "VIII Festival A"]
[Site "Salsomaggiore Terme ITA"]
[Date "2004.05.16"]
[Round "5"]
[White "Giannetta, Paolo"]
[Black "Tomasi, Diego"]
[Result "0-1"]
[WhiteElo "1805"]
[BlackElo "2033"]
[PlyCount "78"]
[EventDate "2004.05.14"]

1. d4 Nf6 2. c4 g6 3. Nc3 d5 4. cxd5 Nxd5 5. e4 Nxc3 6. bxc3 Bg7 7. Bc4 c5 8.
Ne2 O-O 9. Be3 Qa5 10. Kf1 cxd4 11. cxd4 Nc6 12. h4 h5 13. e5 Bg4 14. f3 Bf5
15. Rc1 Rad8 16. Qb3 Qb4 17. Qxb4 Nxb4 18. Ng3 Bc8 19. Kf2 Nd5 20. Bxd5 Rxd5
21. Rc7 Ra5 22. Rhc1 Rxa2+ 23. Kg1 Be6 24. Rxb7 a5 25. Rc5 Rd8 26. Ne4 Bf5 27.
Ra7 Bxe4 28. fxe4 Re2 29. Bg5 Rxd4 30. Raxa5 Rdxe4 31. Bxe7 Bxe5 32. Rc8+ Kg7
33. Bf8+ Kf6 34. Rc6+ Kf5 35. Bg7 Kg4 36. Bxe5 Rxe5 37. Rc4+ R5e4 38. Raa4 Rxc4
39. Rxc4+ Kg3 0-1

[Event "VIII Festival A"]
[Site "Salsomaggiore Terme ITA"]
[Date "2004.05.16"]
[Round "5"]
[White "Gilardone, Adriano"]
[Black "Salati, Paolo"]
[Result "1-0"]
[WhiteElo "1931"]
[BlackElo "1959"]
[PlyCount "71"]
[EventDate "2004.05.14"]

1. e4 Nf6 2. e5 Nd5 3. d4 d6 4. Nf3 Bg4 5. Bc4 e6 6. O-O Nb6 7. Bd3 d5 8. c3
Be7 9. Be3 N8d7 10. Nbd2 O-O 11. Qc2 g6 12. b4 Nc8 13. Rfe1 b6 14. b5 f5 15.
exf6 Bxf6 16. Bh6 Bg7 17. Bxg7 Kxg7 18. Ne5 Bf5 19. f3 Nd6 20. a4 Nxe5 21. Rxe5
Rc8 22. Bxf5 Nxf5 23. Rxe6 Qd7 24. Rae1 Rce8 25. R6e5 Rxe5 26. dxe5 Re8 27. Nb3
c5 28. Qe2 d4 29. Qd3 Qd5 30. cxd4 c4 31. Qe4 Qd8 32. Nd2 Qxd4+ 33. Qxd4 Nxd4
34. Nxc4 Rc8 35. Nd6 Rc2 36. e6 1-0

[Event "VIII Festival A"]
[Site "Salsomaggiore Terme ITA"]
[Date "2004.05.16"]
[Round "5"]
[White "Giretti Kanev, Jasen"]
[Black "Dragojlovic, Andjelko"]
[Result "1-0"]
[WhiteElo "2153"]
[BlackElo "2340"]
[PlyCount "29"]
[EventDate "2004.05.14"]

1. e4 c5 2. Nf3 g6 3. g3 Bg7 4. Bg2 Nc6 5. O-O Nf6 6. Re1 O-O 7. d3 d6 8. c3 e5
9. Nbd2 h6 10. a4 Be6 11. Nc4 Re8 12. h3 Qc7 13. Nh2 Qd7 14. Be3 Rad8 15. Qd2
{...} 1-0

[Event "VIII Festival A"]
[Site "Salsomaggiore Terme ITA"]
[Date "2004.05.16"]
[Round "5"]
[White "Molteni, Costantino"]
[Black "Scuderi, David"]
[Result "1/2-1/2"]
[WhiteElo "1850"]
[BlackElo "2059"]
[PlyCount "56"]
[EventDate "2004.05.14"]

1. Nf3 d5 2. c4 d4 3. e3 Nc6 4. a3 Bg4 5. d3 dxe3 6. fxe3 Ne5 7. Be2 Bxf3 8.
gxf3 e6 9. O-O Be7 10. f4 Ng6 11. Bd2 Bh4 12. Be1 Nh6 13. Nc3 Nf5 14. Qd2 c6
15. Ne4 O-O 16. Bf3 Qe7 17. Bxh4 Qxh4 18. Qf2 Rad8 19. d4 Nd6 20. b3 Qe7 21.
Rfd1 Nh4 22. Ra2 Ndf5 23. Ng3 c5 24. Nxf5 Nxf5 25. Bg4 Rfe8 26. a4 Nd6 27. Bf3
b6 28. Rad2 Nf5 1/2-1/2

[Event "VIII Festival A"]
[Site "Salsomaggiore Terme ITA"]
[Date "2004.05.16"]
[Round "5"]
[White "Mrdja, Milan"]
[Black "Barletta, Mauro"]
[Result "1-0"]
[WhiteElo "2405"]
[BlackElo "2245"]
[PlyCount "95"]
[EventDate "2004.05.14"]

1. e4 e5 2. Bc4 Nf6 3. d3 Nc6 4. Nf3 Be7 5. Nc3 d6 6. a3 O-O 7. h3 Be6 8. Nd5
Nd4 9. Nxd4 exd4 10. Nxf6+ Bxf6 11. Bxe6 fxe6 12. Qg4 Qe7 13. f4 Rae8 14. O-O
e5 15. f5 c6 16. Bd2 Kh8 17. Rf2 Rf7 18. Raf1 d5 19. Qh5 dxe4 20. dxe4 Rff8 21.
g4 Qf7 22. Qxf7 Rxf7 23. g5 Bd8 24. Kg2 Kg8 25. h4 c5 26. h5 Ref8 27. Kg3 Rd7
28. Kg4 b6 29. Rf3 a5 30. Rh1 c4 31. h6 Rdf7 32. hxg7 Rxg7 33. Rh6 Rf6 34. Rfh3
Rxh6 35. Rxh6 c3 36. bxc3 dxc3 37. Be3 Rd7 38. Rc6 Rc7 39. Rxb6 Kf7 40. Rb8 Rc4
41. Rb7+ Ke8 42. Kf3 Be7 43. f6 Bxa3 44. Rxh7 Rc6 45. Ra7 Bb4 46. Kg4 Rd6 47.
Kf5 Rd1 48. g6 1-0

[Event "VIII Festival A"]
[Site "Salsomaggiore Terme ITA"]
[Date "2004.05.16"]
[Round "5"]
[White "Opacic, Alexandar"]
[Black "Panizzi, Giuseppe"]
[Result "1-0"]
[WhiteElo "2134"]
[BlackElo "2037"]
[PlyCount "62"]
[EventDate "2004.05.14"]

1. e4 c5 2. Nf3 Nc6 3. d4 cxd4 4. Nxd4 Nf6 5. Nc3 d6 6. Be2 e5 7. Nf3 Be7 8.
O-O O-O 9. Bg5 a6 10. h3 Be6 11. Bxf6 Bxf6 12. Nd5 Bxd5 13. Qxd5 Qc7 14. c3 Ne7
15. Qb3 Rfe8 16. Nd2 Ng6 17. g3 Rad8 18. Rfd1 Bg5 19. Nf1 Qc6 20. Bf3 b5 21. a4
Qc4 22. Qa3 Qc5 23. axb5 axb5 24. Qxc5 dxc5 25. h4 Be7 26. Ne3 Rxd1+ 27. Rxd1
c4 28. Rd7 Bc5 29. Nd5 b4 30. cxb4 Bd4 31. h5 31... Nf8 {...} 1-0

[Event "VIII Festival A"]
[Site "Salsomaggiore Terme ITA"]
[Date "2004.05.16"]
[Round "5"]
[White "Pegoraro, Nicola"]
[Black "Marson, Luca"]
[Result "1-0"]
[WhiteElo "2066"]
[BlackElo "1868"]
[PlyCount "83"]
[EventDate "2004.05.14"]

1. e4 c5 2. Nf3 Nc6 3. d4 cxd4 4. Nxd4 Nf6 5. Nc3 e5 6. Ndb5 d6 7. Bg5 a6 8.
Na3 b5 9. Bxf6 gxf6 10. Nd5 f5 11. Bxb5 axb5 12. Nxb5 Rb8 13. Nbc7+ Kd7 14. Qh5
Ne7 15. Qxf7 Kc6 16. O-O Nxd5 17. Nxd5 Rb7 18. Qh5 Rg8 19. b4 fxe4 20. Ne3 Qg5
21. b5+ Kd7 22. Qxg5 Rxg5 23. c4 Kc7 24. a4 Be6 25. a5 Be7 26. Rfb1 Rg8 27. Ra2
Ra8 28. b6+ Kc6 29. h3 Bg5 30. Nd5 Bxd5 31. cxd5+ Kxd5 32. a6 Rbb8 33. b7 Ra7
34. h4 Bh6 35. Rc2 Rxa6 36. Rc8 Rxb7 37. Rxb7 Ra1+ 38. Kh2 e3 39. fxe3 Bxe3 40.
Rxh7 Ke4 41. h5 d5 42. Re7 {...} 1-0

[Event "VIII Festival A"]
[Site "Salsomaggiore Terme ITA"]
[Date "2004.05.16"]
[Round "5"]
[White "Peric, Slavisa"]
[Black "Aceto, Lorenzo"]
[Result "1-0"]
[WhiteElo "2246"]
[BlackElo "2020"]
[PlyCount "67"]
[EventDate "2004.05.14"]

1. d4 Nf6 2. Nf3 g6 3. g3 Bg7 4. Bg2 O-O 5. O-O d6 6. a4 c6 7. Nc3 Nbd7 8. e4
e5 9. Re1 Re8 10. h3 Qc7 11. Be3 h6 12. Qd2 g5 13. a5 Bf8 14. Nh2 Nh5 15. Qd1
Ndf6 16. Bf3 Ng7 17. h4 gxh4 18. gxh4 h5 19. Kh1 Kh7 20. Rg1 exd4 21. Bxd4 Ng4
22. Bxg4 hxg4 23. Nxg4 Bxg4 24. Qxg4 Qc8 25. Qg3 Re6 26. f4 Qd8 27. f5 Rh6 28.
f6 Rg6 29. Qf2 Ne6 30. Rxg6 fxg6 31. Be3 b5 32. h5 b4 33. hxg6+ Kxg6 34. Qf5+
1-0

[Event "VIII Festival A"]
[Site "Salsomaggiore Terme ITA"]
[Date "2004.05.16"]
[Round "5"]
[White "Pipitone, Antonio"]
[Black "Ficco, Corrado"]
[Result "0-1"]
[WhiteElo "2028"]
[BlackElo "2090"]
[PlyCount "96"]
[EventDate "2004.05.14"]

1. e4 c5 2. Nf3 e6 3. d4 cxd4 4. Nxd4 Nc6 5. Be2 Nf6 6. Bg5 Qa5+ 7. Bd2 Qb6 8.
Nxc6 bxc6 9. Nc3 Qxb2 10. Rb1 Qa3 11. Rb3 Qa5 12. Nd5 Qd8 13. Nxf6+ gxf6 14.
O-O d5 15. exd5 cxd5 16. Qb1 Bd6 17. Bh6 Qc7 18. g3 Rg8 19. Rc1 Rg6 20. Bd2 Rb8
21. Ba5 Rxb3 22. cxb3 Qb8 23. Qc2 Bd7 24. Bd3 f5 25. Bc7 Bxc7 26. Qxc7 Qxc7 27.
Rxc7 Rg4 28. f4 Rg8 29. Rxa7 Ke7 30. Bb5 Rd8 31. Kf2 Kd6 32. Bd3 Rc8 33. b4 Rb8
34. a3 Rb6 35. h3 h6 36. Ke3 f6 37. Ra5 e5 38. Ra6 d4+ 39. Kd2 Rxa6 40. Bxa6 e4
41. b5 Kc5 42. a4 Kb6 43. Kc2 Be6 44. h4 Ka5 45. Kd2 Bc4 46. Bc8 e3+ 47. Kc2
d3+ 48. Kc3 d2 0-1

[Event "VIII Festival A"]
[Site "Salsomaggiore Terme ITA"]
[Date "2004.05.16"]
[Round "5"]
[White "Terbonati, Paolo"]
[Black "Garofalo, Sergio"]
[Result "0-1"]
[WhiteElo "1925"]
[BlackElo "1784"]
[PlyCount "78"]
[EventDate "2004.05.14"]

1. c4 f5 2. Nc3 Nf6 3. g3 e6 4. Bg2 Be7 5. d4 d6 6. e3 O-O 7. Nge2 c6 8. O-O
Qe8 9. b4 g5 10. d5 e5 11. dxc6 Nxc6 12. Nd5 Qh5 13. Nxf6+ Rxf6 14. Bd5+ Kg7
15. f4 gxf4 16. exf4 Nxb4 17. Bf3 Qe8 18. fxe5 dxe5 19. Bb2 e4 20. Bg2 Nd3 21.
Bxf6+ Bxf6 22. Rb1 Qe7 23. Bh3 Qc5+ 24. Kg2 Bd7 25. Rxb7 Qc6 26. Rxd7+ Qxd7 27.
Bxf5 Qc6 28. Nf4 e3+ 29. Kh3 Nf2+ 30. Rxf2 exf2 31. Nh5+ Kh8 32. Nxf6 Qxf6 33.
g4 Rd8 34. Qe2 Qd4 35. Kg2 Qc3 36. Qc2 Qe1 37. Bd3 Qg1+ 38. Kf3 Rxd3+ 39. Ke4
Qxg4+ 0-1

[Event "VIII Festival A"]
[Site "Salsomaggiore Terme ITA"]
[Date "2004.05.16"]
[Round "5"]
[White "Traversi, Carlo"]
[Black "Catalano, Luigi"]
[Result "1-0"]
[WhiteElo "1828"]
[BlackElo "1622"]
[PlyCount "107"]
[EventDate "2004.05.14"]

1. d4 Nf6 2. Nf3 e6 3. c4 d5 4. e3 Be7 5. Be2 Nbd7 6. O-O O-O 7. Nc3 c6 8. Bd2
a6 9. a4 h6 10. Rb1 Nh7 11. b4 Ng5 12. Nxg5 Bxg5 13. b5 c5 14. f4 Be7 15. cxd5
exd5 16. Nxd5 cxd4 17. Nxe7+ Qxe7 18. exd4 a5 19. Re1 Qd6 20. Be3 Nf6 21. Bf3
Rb8 22. Rc1 Bf5 23. d5 Rbc8 24. Qd4 Rfe8 25. Bd2 Rxc1 26. Rxc1 Bg4 27. Bxg4
Nxg4 28. Bxa5 Nf6 29. Bc7 Qa3 30. Ra1 Qb3 31. Be5 Qxd5 32. Bxf6 Qf5 33. Be5 f6
34. Bc7 Re4 35. Qd2 Qc5+ 36. Kh1 Qxc7 37. Qd5+ Kf8 38. Qxe4 b6 39. Re1 Kg8 40.
Qg6 Qf7 41. Re8+ Qxe8 42. Qxe8+ Kh7 43. Qb8 g5 44. f5 h5 45. Qxb6 Kg7 46. a5 g4
47. a6 h4 48. a7 g3 49. a8=Q h3 50. Qc7+ Kh6 51. Qh8+ Kg5 52. Qxg3+ Kxf5 53.
Qf3+ Ke6 54. Qhxf6+ 1-0

[Event "VIII Festival A"]
[Site "Salsomaggiore Terme ITA"]
[Date "2004.05.16"]
[Round "5"]
[White "Vezzosi, Paolo"]
[Black "Bartolozzi, Roberto"]
[Result "0-1"]
[WhiteElo "2360"]
[BlackElo "2072"]
[PlyCount "42"]
[EventDate "2004.05.14"]

1. d4 e6 2. c4 d5 3. Nc3 Nf6 4. cxd5 exd5 5. Bg5 Be7 6. e3 c6 7. Qc2 Nbd7 8.
Bd3 h6 9. Bh4 O-O 10. Nf3 Ne8 11. Bg3 Ndf6 12. Ne5 Nd6 13. f3 Be6 14. Bf2 c5
15. dxc5 Nc4 16. Nxc4 dxc4 17. Bf5 Bxc5 18. Bxe6 fxe6 19. O-O Rc8 20. Rfd1 Qe7
21. e4 Ng4 0-1

[Event "VIII Festival A"]
[Site "Salsomaggiore Terme ITA"]
[Date "2004.05.16"]
[Round "5"]
[White "Winfridsson, Ola"]
[Black "Ambrosi, Arcangelo"]
[Result "1-0"]
[WhiteElo "2057"]
[BlackElo "1975"]
[PlyCount "105"]
[EventDate "2004.05.14"]

1. d4 Nf6 2. c4 e5 3. dxe5 Ng4 4. Bf4 g5 5. Bg3 Bg7 6. Nf3 d6 7. Nc3 Nxe5 8.
Nxe5 Bxe5 9. Bxe5 dxe5 10. Qxd8+ Kxd8 11. O-O-O+ Ke8 12. h4 g4 13. e3 c6 14.
Ne4 Ke7 15. Nd6 Na6 16. Be2 h5 17. Rhf1 Rh6 18. Nxc8+ Rxc8 19. f3 g3 20. Rd2 f5
21. Rfd1 Rc7 22. Rd8 f4 23. exf4 exf4 24. R8d4 Rf6 25. Re4+ Re6 26. Rxe6+ Kxe6
27. Rd4 Ke5 28. Re4+ Kf5 29. Re8 Kf6 30. Rh8 Re7 31. Kd2 Rd7+ 32. Kc3 Re7 33.
Bd3 Nc5 34. Rh6+ Kg7 35. Rh7+ Kf6 36. Rxe7 Kxe7 37. Kd4 b6 38. Be4 Ne6+ 39. Ke5
c5 40. Bg6 Nd4 41. Kxf4 Ne2+ 42. Ke3 Nd4 43. Bxh5 a6 44. Bg6 b5 45. cxb5 axb5
46. Bd3 Kf6 47. b4 Ne6 48. bxc5 Nc7 49. Be4 b4 50. f4 Nb5 51. c6 Ke6 52. h5 Nc3
53. h6 1-0

[Event "VIII Festival A"]
[Site "Salsomaggiore Terme ITA"]
[Date "2004.05.16"]
[Round "6"]
[White "Ambrosi, Arcangelo"]
[Black "Dvirnyy, Danyyil"]
[Result "0-1"]
[WhiteElo "1975"]
[BlackElo "1868"]
[PlyCount "100"]
[EventDate "2004.05.14"]

1. b4 e5 2. Bb2 Bxb4 3. f4 Nc6 4. fxe5 Nge7 5. Nf3 O-O 6. e3 Ng6 7. Bc4 Qe7 8.
c3 Ncxe5 9. Be2 Bd6 10. Qa4 Nxf3+ 11. Bxf3 Qh4+ 12. Qxh4 Nxh4 13. Ke2 Nxf3 14.
gxf3 Be5 15. Na3 d5 16. h4 Bd7 17. Rag1 c5 18. d4 Bd6 19. Rg5 Bc6 20. dxc5 f6
21. Rg2 Bxc5 22. Rhg1 Rf7 23. Nc2 Bb5+ 24. Kd2 Bc4 25. a3 Re8 26. Nd4 Kh8 27.
Bc1 b5 28. Kc2 a5 29. h5 Rc7 30. Kb2 b4 31. axb4 axb4 32. cxb4 Bxb4 33. Nf5 Bf8
34. Nxg7 Rb8+ 35. Kc2 Rxg7 36. Bb2 Rxg2+ 37. Rxg2 Bg7 38. h6 Rxb2+ 39. Kxb2
Bxh6 40. f4 f5 41. Kc2 Bg7 42. Rg5 Bf6 43. Rxf5 Kg7 44. Rh5 Kg6 45. Rh1 h5 46.
Kd2 h4 47. Ke1 Kf5 48. Kf2 Bd3 49. Rd1 Be4 50. Ke2 h3 0-1

[Event "VIII Festival A"]
[Site "Salsomaggiore Terme ITA"]
[Date "2004.05.16"]
[Round "6"]
[White "Annoni, Riccardo"]
[Black "Opacic, Alexandar"]
[Result "0-1"]
[WhiteElo "2094"]
[BlackElo "2134"]
[PlyCount "98"]
[EventDate "2004.05.14"]

1. e4 e6 2. d4 d5 3. e5 c5 4. c3 Nc6 5. Nf3 f6 6. Bd3 fxe5 7. Nxe5 Nxe5 8. dxe5
g6 9. h4 Qc7 10. Bf4 Bg7 11. h5 g5 12. Bb5+ Bd7 13. Bxd7+ Kxd7 14. Qa4+ Qc6 15.
Qxc6+ Kxc6 16. Bxg5 Bxe5 17. Nd2 Re8 18. Nf3 Bd6 19. O-O-O Ne7 20. Rde1 Nc8 21.
Ne5+ Bxe5 22. Rxe5 Nd6 23. Bf4 Nf7 24. Re2 Rhg8 25. g3 b5 26. Rhe1 Kd7 27. Be3
Ne5 28. Rd1 c4 29. Bxa7 Nd3+ 30. Kb1 e5 31. Be3 Rg4 32. Rh1 d4 33. Bd2 Rf8 34.
Rh2 Kd6 35. cxd4 exd4 36. a3 Rf5 37. Re8 Re5 38. Rd8+ Ke7 39. Rh8 Re2 40. Rxh7+
Kf6 41. Kc2 Nxf2 42. Rb7 d3+ 43. Kc1 Rxg3 44. Bc3+ Ke6 45. Kb1 Rg1+ 46. Ka2 d2
47. Bxd2 Rxd2 48. Rb6+ Kd7 49. Rxb5 Rdd1 0-1

[Event "VIII Festival A"]
[Site "Salsomaggiore Terme ITA"]
[Date "2004.05.16"]
[Round "6"]
[White "Barletta, Mauro"]
[Black "Bentivegna, Francesco"]
[Result "1/2-1/2"]
[WhiteElo "2245"]
[BlackElo "2258"]
[PlyCount "57"]
[EventDate "2004.05.14"]

1. f4 e5 2. fxe5 d6 3. exd6 Bxd6 4. Nf3 Nc6 5. d4 Bg4 6. Bg5 f6 7. Bh4 Bxf3 8.
exf3 Nxd4 9. Bf2 Qe7+ 10. Be2 Ne6 11. O-O O-O-O 12. Bd3 Be5 13. Nc3 Nf4 14. Re1
Nxd3 15. cxd3 Qd7 16. Qb3 Ne7 17. Rac1 Nc6 18. Nb5 Kb8 19. Rxc6 Qxc6 20. Bxa7+
Kc8 21. Be3 Qd5 22. Qa4 Kd7 23. d4 Ra8 24. Na7+ b5 25. Qxb5+ Qxb5 26. Nxb5 Bd6
27. Nxd6 cxd6 28. a3 Rhb8 29. Re2 1/2-1/2

[Event "VIII Festival A"]
[Site "Salsomaggiore Terme ITA"]
[Date "2004.05.16"]
[Round "6"]
[White "Bartolozzi, Roberto"]
[Black "Di Paolo, Raffaele"]
[Result "1/2-1/2"]
[WhiteElo "2072"]
[BlackElo "2349"]
[PlyCount "123"]
[EventDate "2004.05.14"]

1. Nf3 Nf6 2. d4 d6 3. Bf4 g6 4. h3 Bg7 5. e3 O-O 6. Be2 Nbd7 7. O-O b6 8. Nbd2
Bb7 9. c3 Qe8 10. a4 e5 11. Bh2 Qe7 12. a5 Rfe8 13. dxe5 Nxe5 14. Nxe5 dxe5 15.
Qc2 Red8 16. Rfd1 Qe6 17. axb6 axb6 18. Rxa8 Rxa8 19. Nf3 Ne4 20. Nd2 Ng5 21.
e4 Qe7 22. Bc4 Rd8 23. Be2 h5 24. f3 Ra8 25. Nc4 Bc8 26. Kh1 b5 27. Ne3 c6 28.
Qd2 Be6 29. Qd6 Qxd6 30. Rxd6 Ra1+ 31. Rd1 Ra2 32. Rd2 f6 33. Bg1 Nf7 34. Nd1
Bh6 35. Be3 Bxe3 36. Nxe3 h4 37. Kg1 Kf8 38. Kf2 Ke7 39. c4 b4 40. Ke1 Nd6 41.
Kd1 Nb7 42. Kc2 Nc5 43. Nd1 Ra1 44. Ne3 b3+ 45. Kc3 f5 46. exf5 gxf5 47. Kb4
Na6+ 48. Kxb3 f4 49. Ng4 Bxg4 50. hxg4 Nc5+ 51. Kc3 Rg1 52. Bd3 Ne6 53. b4 Nd4
54. b5 Rc1+ 55. Kb2 Rh1 56. g5 cxb5 57. cxb5 h3 58. gxh3 Nxf3 59. Re2 Rxh3 60.
b6 Kd6 61. g6 Rg3 62. Be4 1/2-1/2

[Event "VIII Festival A"]
[Site "Salsomaggiore Terme ITA"]
[Date "2004.05.16"]
[Round "6"]
[White "Bonugli, Carlo"]
[Black "Peric, Slavisa"]
[Result "0-1"]
[WhiteElo "2067"]
[BlackElo "2246"]
[PlyCount "124"]
[EventDate "2004.05.14"]

1. e4 e6 2. d3 d5 3. Nd2 Nf6 4. Ngf3 Be7 5. g3 dxe4 6. dxe4 b6 7. Bg2 Ba6 8. c4
Bb7 9. e5 Nfd7 10. O-O Nc5 11. Qe2 a5 12. Rd1 Qc8 13. Nf1 O-O 14. h4 Nc6 15.
Bg5 h6 16. Bf4 Rd8 17. Rxd8+ Qxd8 18. Rd1 Qe8 19. Ne3 Rd8 20. Nc2 Rxd1+ 21.
Qxd1 Qd8 22. Qxd8+ Bxd8 23. Nfe1 Be7 24. h5 Kf8 25. Kf1 Ke8 26. Bf3 Kd8 27. Ke2
Kc8 28. Ke3 Nd7 29. Nd3 Bg5 30. Ke2 Bxf4 31. gxf4 Ne7 32. Nd4 Nb8 33. Bxb7+
Kxb7 34. Ke3 Nbc6 35. Nf3 Nf5+ 36. Ke4 Nce7 37. b3 Kc6 38. a3 b5 39. Nd2 g6 40.
hxg6 fxg6 41. Nf3 Kb6 42. Nh2 c5 43. Ng4 a4 44. bxa4 bxc4 45. Nb2 c3 46. Nc4+
Kc6 47. Kd3 Nd5 48. Nf6 Nxf4+ 49. Kxc3 h5 50. Kd2 h4 51. Ng4 h3 52. f3 Nh6 53.
Nh2 Nf7 54. Ke3 Nd5+ 55. Kd3 Nb6 56. Nxb6 Kxb6 57. f4 Nd8 58. Nf3 Nc6 59. Kc4
Na5+ 60. Kc3 Kc6 61. Kd2 Kd5 62. Ke3 Kc4 0-1